000 00500nam a2200181Ia 4500
005 20250923150306.0
008 008 250917s9999 xx 000 0 eng d
037 _aTextual
040 _aDSWL
_beng
_cDSWL
041 _aeng
_2eng
084 _qDSWL
100 _aPieters, Jan N
_9844371
245 0 _aDevelopment theory: Deconstructions/reconstructions
_cby Jan N Pieters
260 _aDelhi
_bSage Publications
_c2010
300 _a252p.
942 _cTEXL
999 _c1461779
_d1461779